この町「まち」?「ちょう」? - Statistics

General Stats
  • This quiz has been taken 18 times
  • The average score is 29 of 40
Answer Stats
Hint Answer % Correct
和歌山県由良町 ちょう
94%
鹿児島県大崎町 ちょう
94%
静岡県清水町 ちょう
88%
愛知県東郷町 ちょう
88%
奈良県広陵町 ちょう
88%
岡山県早島町 ちょう
88%
香川県三木町 ちょう
88%
高知県黒潮町 ちょう
88%
北海道豊浦町 ちょう
82%
新潟県津南町 まち
82%
石川県能登町 ちょう
82%
岐阜県富加町 ちょう
82%
山口県平生町 ちょう
82%
長崎県波佐見町 ちょう
82%
大分県玖珠町 まち
82%
沖縄県竹富町 ちょう
82%
宮城県南三陸町 ちょう
76%
福島県川俣町 まち
76%
茨城県大子町 まち
76%
栃木県上三川町 まち
76%
福井県おおい町 ちょう
76%
三重県明和町 ちょう
76%
鳥取県琴浦町 ちょう
76%
徳島県上板町 ちょう
76%
愛媛県伊方町 ちょう
76%
福岡県みやこ町 まち
76%
宮崎県綾町 ちょう
76%
岩手県葛巻町 まち
71%
千葉県一宮町 まち
71%
山梨県身延町 ちょう
71%
富山県入善町 まち
65%
長野県飯島町 まち
65%
広島県坂町 ちょう
65%
熊本県甲佐町 まち
65%
群馬県明和町 まち
59%
山形県河北町 ちょう
53%
青森県階上町 ちょう
47%
秋田県井川町 まち
47%
佐賀県江北町 まち
29%
島根県川本町 まち
24%
No matching quizzes found
Score Distribution
Percent of People with Each Score
Percentile by Number Answered
Your Score History
You have not taken this quiz